Normal view MARC view

Entry Nombre personal

Number of records used in: 6

001 - NÚMERO DE CONTROL

  • campo de control: 69691

003 - IDENTIFICADOR DE NÚMERO DE CONTROL

  • campo de control: SpMaBN

005 - FECHA Y HORA DE LA ÚLTIMA TRANSACCIÓN

  • campo de control: 20230712141127.0

008 - ELEMENTOS DE DATO DE LONGITUD-FIJA

  • campo de control de longitud fija: 901120nn aijnnaabn a aaa

016 ## - NÚMERO DE CONTROL DE UNA AGENCIA BIBLIOGRÁFICA NACIONAL

  • Número de control del registro: BNE19900390732

024 7# - IDENTIFICADOR DE OTROS ESTÁNDARES

  • Número estándar o código: http://viaf.org/viaf/2128453/
  • Fuente: viaf

024 7# - IDENTIFICADOR DE OTROS ESTÁNDARES

  • Número estándar o código: https://isni.org/isni/0000000066407285
  • Fuente: isni

040 ## - FUENTE DE CATALOGACIÓN

  • Centro catalogador/agencia de origen: SpMaBN
  • Lengua de catalogación: spa
  • Centro/agencia transcriptor: SpMaBN
  • Normas de descripción: rdc
  • Convención/Normas de encabezamiento de materia/tesauro: embne

046 ## - FECHAS CON CODIFICACIÓN ESPECIAL

  • Fecha de nacimiento: 1899
  • Fecha de la muerte: 1982

100 1# - ENCABEZAMIENTO-NOMBRE DE PERSONA

  • Nombre de persona: Láinez Alcalá, Rafael,
  • Fechas asociadas al nombre: 1899-1982

373 ## - GRUPO ASOCIADO

  • Grupo asociado: Ateneo de Madrid
  • Fuente de información: Cargos históricos del Ateneo de Madrid 1835-1936 (Archivo del Ateneo); Listado de socios anteriores a 1 de abril de 1939 (Archivo del Ateneo); Ateneo de Madrid: memoria 1962-1967

375 ## - GÉNERO/SEXO

  • Género: Masculino

400 1# - TRAZADO DE VÉASE--NOMBRE DE PERSONA

  • Nombre de persona: Láinez Alcalá,
  • Fechas asociadas al nombre: 1899-1982

670 ## - FUENTE DE DATOS ENCONTRADOS

  • Cita de la fuente: Candelario, de Jacinto Sánchez Bayo, 1987
  • Información encontrada: (poemas de Láinez Alcalá, et al.)

670 ## - FUENTE DE DATOS ENCONTRADOS

  • Cita de la fuente: Universitarios giennenses en la historia, 2004
  • Información encontrada: p. [291] (Rafael Láinez Alcalá, n. en Peal de Becerro (Jaén, 22-4-1899, m. Madrid, 1982; historiador del arte y poeta)

670 ## - FUENTE DE DATOS ENCONTRADOS

  • Cita de la fuente: WWW BN España aut., 12/07/2023
  • Información encontrada: (Láinez Alcalá, Rafael, 1899-1982)

678 ## - DATOS BIOGRÁFICOS O HISTÓRICOS

  • Datos biográficos o históricos: Socio del Ateneo de Madrid n.11454. Secretario primero de la Sección de Ciencias Históricas en 1931-32. Secretario segundo de la Sección de Ciencias Históricas en 1935-36. Secretario primero de la Sección de Literatura en 1933-34. Secretario tercero de la Sección de Artes Plásticas en 1934-35
  • Ampliación de la nota: Fuentes: Cargos históricos del Ateneo de Madrid 1835-1936 (Archivo del Ateneo); Listado de socios anteriores a 1 de abril de 1939 (Archivo del Ateneo); Ateneo de Madrid: memoria 1962-1967